LIBRARY & INFORMATION CENTRE, KCAET, TAVANUR

ONLINE PUBLIC ACCESS CATALOGUE (OPAC)

Building mathematics, Vol 1 / (Record no. 2716)

MARC details
000 -LEADER
fixed length control field 00421cam a2200169ua 4500
041 ## - LANGUAGE CODE
Language code of text/sound track or separate title eng
082 ## - DEWEY DECIMAL CLASSIFICATION NUMBER
Classification number 690
Item number ESL/CU
100 ## - MAIN ENTRY--AUTHOR NAME
Personal name Eslick, C A R .
245 ## - TITLE STATEMENT
Title Building mathematics, Vol 1 /
250 ## - EDITION STATEMENT
Edition statement 1 /
260 ## - PUBLICATION, DISTRIBUTION, ETC. (IMPRINT)
Place of publication London :
Name of publisher English Universities Press ,
Year of publication 1962.
300 ## - PHYSICAL DESCRIPTION
Number of Pages 169 ; .
700 1# - ADDED ENTRY--PERSONAL NAME
Personal name Hatton, W .
942 ## - ADDED ENTRY ELEMENTS (KOHA)
Koha item type Books
Holdings
Withdrawn status Lost status Damaged status Home library Current library Date acquired Full call number Accession Number Koha item type Public note
Withdrawn     KAUAET KAUAET 07/04/2012 690 3785 Books Deleted
free website counter